Normal view
MARC view
- Ciencia ficción
Entry Materia
001 - NÚMERO DE CONTROL DEL REGISTRO
- campo de control: 5230
003 - IDENTIFICADOR DE NUMERO DE CONTROL
- campo de control: MX-MxUPN
005 - FECHA Y HORA DE LA ÚLTIMA TRANSACCIÓN
- campo de control: 20240212143252.0
008 - DATOS DE LONGITUD FIJA
- campo de control de longitud fija: 220815nn acnnnbabn | ana d
035 ## - NÚMERO DE CONTROL DEL SISTEMA
- Número de control del sistema: UPN10000005230
040 ## - FUENTE DE LA CATALOGACIÓN
- Centro catalogador de origen: MX-MxUPN
- Lengua de catalogación: spa
- Agencia de transcripción: MX-MxUPN
150 ## - ENCABEZAMIENTO - TEMÁTICO
- Término de materia o nombre geográfico como elemento inicial: Ciencia ficción
670 ## - FUENTE EN LA QUE SE LOCALIZARON DATOS
- Cita de la fuente: Autoridades Librunam, 12 febrero 2024:
- Información localizada: (Ciencia ficción)
902 ## - CATALOGADOR
- Catalogador: LG/091096
